[Event "Seattle Summer Kickoff (1-3 Open)"]
[Site "Chess.com"]
[Date "2020.06.13"]
[Round "3"]
[White "Moghe, Arjun"]
[Black "Tessiore, Luca"]
[Result "0-1"]
[WhiteElo "1214"]
[BlackElo "1455"]
[PlyCount "78"]
[EventDate "2020.??.??"]
[SourceDate "2020.06.27"]

1. e4 c5 2. Nf3 Nc6 3. d4 cxd4 4. Nxd4 g6 5. Nxc6 bxc6 6. Bc4 Bg7 7. O-O d6 8.
Qf3 Nf6 9. Rd1 Bg4 10. Qb3 Bxd1 11. Bxf7+ Kf8 12. Bc4 d5 13. exd5 cxd5 14. Bd3
Bg4 15. Bg5 Kf7 16. Bxf6 Bxf6 17. Be4 Be6 18. Bf3 Rb8 19. Qe3 Bxb2 20. Qf4+ Kg7
21. Nc3 Bxa1 22. Qd4+ Kf8 23. Qf4+ Bf7 24. h3 Bxc3 25. Bg4 Qd6 26. Qf3 Rb1+ 27.
Qd1 Rxd1+ 28. Bxd1 Qa3 29. Bg4 Be5 30. f3 Bg3 31. Kf1 Qc1+ 32. Ke2 Qe1+ 33. Kd3
d4 34. Kxd4 e5+ 35. Kc5 Qc3+ 36. Kb5 Kg7 37. a4 Rb8+ 38. Ka6 Qc6+ 39. Ka5 Qb6#
0-1

[Event "Seattle Summer Kickoff (1-3 Open)"]
[Site "Chess.com"]
[Date "2020.06.13"]
[Round "3"]
[White "Shanmugam, Varsha"]
[Black "Iyengar, Varun"]
[Result "1-0"]
[WhiteElo "1001"]
[BlackElo "1096"]
[PlyCount "135"]
[EventDate "2020.??.??"]
[SourceDate "2020.06.27"]

1. e4 c5 2. Nf3 d6 3. d4 cxd4 4. Nxd4 Nf6 5. Nc3 a6 6. Bc4 e6 7. Bg5 Be7 8. O-O
O-O 9. Re1 Nbd7 10. Qf3 b6 11. Nc6 Qe8 12. e5 dxe5 13. Nxe5 Ra7 14. Rad1 Bb7
15. Qh3 Nxe5 16. Rxe5 Qc6 17. Bd3 g6 18. Bh6 Rd8 19. Qg3 Bd6 20. Be4 Qc7 21.
Bxb7 Rxb7 22. Bf4 Nh5 23. Rxh5 Bxf4 24. Rxd8+ Qxd8 25. Qf3 gxh5 26. Qxb7 Bd2
27. h3 Bf4 28. Qf3 e5 29. Qxh5 b5 30. g3 b4 31. gxf4 bxc3 32. bxc3 exf4 33.
Qg4+ Kh8 34. Qxf4 Qd1+ 35. Kh2 Qxc2 36. Qxf7 h6 37. Qf6+ Kh7 38. Qxa6 Qxf2+ 39.
Kh1 Qf3+ 40. Kg1 Qg3+ 41. Kf1 Qxh3+ 42. Ke1 Qg3+ 43. Kd2 Qg5+ 44. Kc2 Qf5+ 45.
Qd3 Qxd3+ 46. Kxd3 h5 47. a4 h4 48. Ke3 h3 49. Kf2 Kh6 50. a5 Kh5 51. a6 Kh4
52. a7 h2 53. Kg2 h1=Q+ 54. Kxh1 Kg5 55. a8=Q Kf6 56. c4 Ke6 57. c5 Kd7 58. c6+
Kd6 59. Qa6 Kc7 60. Qb7+ Kd8 61. c7+ Ke7 62. c8=Q+ Kf6 63. Qcc6+ Kg5 64. Qbb5+
Kh4 65. Qcc4+ Kg3 66. Qbb3+ Kf2 67. Qcc2+ Ke1 68. Qbb1# 1-0

[Event "Seattle Summer Kickoff (1-3 Open)"]
[Site "Chess.com"]
[Date "2020.06.13"]
[Round "3"]
[White "Zhao, George"]
[Black "Edmond, Ivy"]
[Result "0-1"]
[WhiteElo "1043"]
[BlackElo "1032"]
[PlyCount "128"]
[EventDate "2020.??.??"]
[SourceDate "2020.06.27"]

1. e4 c5 2. Nc3 Nc6 3. Nf3 e5 4. Bc4 Nf6 5. d3 d6 6. Bg5 Bd7 7. Nd5 Be7 8.
Nxf6+ Bxf6 9. Bxf6 Qxf6 10. O-O O-O 11. Qd2 Qg6 12. Qg5 Qxg5 13. Nxg5 h6 14.
Nf3 Rfe8 15. Rad1 Rab8 16. Rfe1 a6 17. Nd2 Bg4 18. f3 Be6 19. Bxe6 Rxe6 20. Re3
Rg6 21. g3 Re6 22. f4 exf4 23. gxf4 Rg6+ 24. Kf2 Re6 25. f5 Rf6 26. e5 Rxf5+
27. Ke2 Rxe5 28. Rxe5 Nxe5 29. Rg1 Re8 30. Kf2 Nc6 31. Ne4 Rd8 32. Nf6+ Kh8 33.
Ne4 Nb4 34. c4 Nxd3+ 35. Ke3 Nxb2 36. Ng3 Nxc4+ 37. Kf4 g5+ 38. Kf3 Ne5+ 39.
Ke4 Re8 40. Kf5 Nf3 41. Rf1 Nd4+ 42. Kg4 Rf8 43. Ne4 d5 44. Nf6 Kg7 45. Nh5+
Kg6 46. Rf6+ Kh7 47. Ng3 Nc6 48. Nf5 d4 49. Rxh6+ Kg8 50. Kxg5 c4 51. Nh4 c3
52. Rf6 c2 53. Rf1 d3 54. Ng2 d2 55. Ne1 c1=Q 56. Rg1 dxe1=Q+ 57. Kf6+ Kh8 58.
Rg5 Qxg5+ 59. Kxg5 Qf1 60. Kg4 Rg8+ 61. Kh4 Qg1 62. Kh3 Kg7 63. a4 Kf8 64. a5
Rh8# 0-1

[Event "Seattle Summer Kickoff (1-3 Open)"]
[Site "Chess.com"]
[Date "2020.06.13"]
[Round "4"]
[White "Arul, Sharvesh"]
[Black "Chaurasia, Vihaan"]
[Result "1-0"]
[WhiteElo "1280"]
[BlackElo "930"]
[PlyCount "37"]
[EventDate "2020.??.??"]
[SourceDate "2020.06.27"]

1. e4 e5 2. Nf3 Nc6 3. Nc3 Nf6 4. Bb5 a6 5. Bxc6 dxc6 6. Nxe5 Qd4 7. Nf3 Nxe4
8. Nxd4 Nxc3 9. dxc3 Bc5 10. Qe2+ Be7 11. O-O c5 12. Re1 Be6 13. Nxe6 fxe6 14.
Qxe6 Kd8 15. Qxe7+ Kc8 16. Bf4 Kb8 17. Qxc7+ Ka7 18. Qxc5+ b6 19. Qe7# 1-0

[Event "Seattle Summer Kickoff (1-3 Open)"]
[Site "Chess.com"]
[Date "2020.06.13"]
[Round "4"]
[White "Holbrook, Aidan"]
[Black "Kuo, Declan"]
[Result "1-0"]
[WhiteElo "1046"]
[BlackElo "1120"]
[PlyCount "77"]
[EventDate "2020.??.??"]
[SourceDate "2020.06.27"]

1. e4 e5 2. Nf3 Nc6 3. Bc4 Nf6 4. d3 Bc5 5. O-O d6 6. c3 Bg4 7. h3 Bh5 8. Nbd2
O-O 9. Re1 a6 10. Nf1 b5 11. Bb3 b4 12. Ng3 Bxf3 13. Qxf3 bxc3 14. bxc3 Qd7 15.
Be3 Bxe3 16. Qxe3 d5 17. exd5 Nxd5 18. Qc5 Nf6 19. Ba4 Qxd3 20. Bxc6 Rab8 21.
Qxe5 Qc4 22. Nf5 Qxc6 23. Ne7+ Kh8 24. Nxc6 Rfe8 25. Qxc7 Rxe1+ 26. Rxe1 Rf8
27. Rd1 h6 28. Rd8 Rxd8 29. Qxd8+ Kh7 30. Qd3+ g6 31. Qxa6 Kg7 32. a4 Ne4 33.
a5 Nxc3 34. Qc4 Nd1 35. a6 Nb2 36. Qd4+ f6 37. a7 Nd1 38. Qd7+ Kf8 39. a8=Q#
1-0

[Event "Seattle Summer Kickoff (1-3 Open)"]
[Site "Chess.com"]
[Date "2020.06.13"]
[Round "4"]
[White "Ivanovic, Mina"]
[Black "Edmond, Ivy"]
[Result "1/2-1/2"]
[WhiteElo "1286"]
[BlackElo "1032"]
[PlyCount "103"]
[EventDate "2020.??.??"]
[SourceDate "2020.06.27"]

1. c4 e5 2. Nc3 Nf6 3. g3 Nc6 4. Bg2 Bc5 5. e3 O-O 6. Nge2 Re8 7. O-O d6 8. d4
exd4 9. exd4 Bb4 10. d5 Bxc3 11. Nxc3 Ne7 12. Bg5 Ng6 13. Ne4 Bf5 14. Nxf6+
gxf6 15. Bd2 Qd7 16. Qb3 b6 17. Qc3 Kg7 18. Be3 Bh3 19. Bd4 Bxg2 20. Bxf6+ Kg8
21. Kxg2 Rac8 22. Bg5 Qf5 23. Bh6 f6 24. Be3 b5 25. Bd4 bxc4 26. Bxf6 Qxd5+ 27.
Kg1 Rf8 28. Bd4 a6 29. Be3 Ne5 30. Bh6 Rfe8 31. f4 Qe6 32. fxe5 Qxh6 33. Qxc4+
Qe6 34. Qxe6+ Rxe6 35. exd6 cxd6 36. Rae1 Rxe1 37. Rxe1 Rc2 38. Rb1 d5 39. a3
d4 40. b4 Rc6 41. Rd1 Rd6 42. Rd3 Kf7 43. Kf2 Ke6 44. Kf3 Ke5 45. a4 h6 46. Ke2
Ke4 47. Kd2 h5 48. h4 Rd5 49. Ke2 Rd6 50. Kd2 Rd5 51. Ke2 Rd6 52. Kd2 1/2-1/2

[Event "Seattle Summer Kickoff (1-3 Open)"]
[Site "Chess.com"]
[Date "2020.06.13"]
[Round "4"]
[White "Iyengar, Varun"]
[Black "Cheng, Selina"]
[Result "1-0"]
[WhiteElo "1096"]
[BlackElo "864"]
[PlyCount "101"]
[EventDate "2020.??.??"]
[SourceDate "2020.06.27"]

1. e4 e5 2. Nf3 Nc6 3. Bb5 d6 4. Nc3 a6 5. Ba4 b5 6. Bb3 Nf6 7. d3 Bg4 8. O-O
Qd7 9. Be3 Be7 10. Nb1 a5 11. a4 b4 12. Nbd2 O-O 13. c3 bxc3 14. bxc3 Rad8 15.
c4 Rfe8 16. Qc2 Nb4 17. Qb1 c5 18. Ne1 Be2 19. Nc2 Bxf1 20. Qxf1 Nxc2 21. Bxc2
Rb8 22. Nb3 Ra8 23. Bd2 Qc7 24. Qe1 Bd8 25. Nc1 Qe7 26. Na2 Bb6 27. Nc3 Qc7 28.
Nd5 Nxd5 29. cxd5 Qe7 30. Rb1 Bc7 31. Rb5 Qd8 32. Bb3 Ra6 33. Bc4 Ra8 34. Rb3
Ra7 35. Bb5 Re7 36. Qb1 Ra8 37. Bc6 Rb8 38. Rxb8 Qxb8 39. Qe1 Qa7 40. h3 Bb6
41. Qe2 f6 42. Qg4 g6 43. Qc8+ Kg7 44. Qg4 Qa6 45. Bb5 Qa7 46. Qf3 Rc7 47. Qe3
c4 48. Qh6+ Kf7 49. Qxh7+ Kf8 50. Qh8+ Ke7 51. Qe8# 1-0

[Event "Seattle Summer Kickoff (1-3 Open)"]
[Site "Chess.com"]
[Date "2020.06.13"]
[Round "4"]
[White "Shanmugam, Varsha"]
[Black "Lin, Michael"]
[Result "1-0"]
[WhiteElo "1001"]
[BlackElo "1418"]
[PlyCount "65"]
[EventDate "2020.??.??"]
[SourceDate "2020.06.27"]

1. e4 e5 2. Nf3 Nc6 3. Bc4 Bc5 4. O-O Nf6 5. d3 O-O 6. Bg5 h6 7. Bh4 d6 8. h3
Nd4 9. Nc3 c6 10. Nxd4 Bxd4 11. Qf3 b5 12. Bb3 a5 13. a3 Be6 14. Bxe6 fxe6 15.
Qg3 d5 16. exd5 exd5 17. Qg6 Qb6 18. Ne2 Bxb2 19. Ra2 Bd4 20. Ng3 e4 21. Nf5
Nd7 22. Nxh6+ Kh8 23. Nf7+ Kg8 24. Nd6 e3 25. Be7 exf2+ 26. Kh1 Ne5 27. Qe6+
Nf7 28. Bxf8 Rxf8 29. Nf5 Kh8 30. Nh4 Ng5 31. Ng6+ Kh7 32. Nxf8+ Kh8 33. Qe8
1-0

[Event "Seattle Summer Kickoff (1-3 Open)"]
[Site "Chess.com"]
[Date "2020.06.13"]
[Round "4"]
[White "Tessiore, Luca"]
[Black "Guo, Aaron"]
[Result "1/2-1/2"]
[WhiteElo "1455"]
[BlackElo "1204"]
[PlyCount "114"]
[EventDate "2020.??.??"]
[SourceDate "2020.06.27"]

1. d4 d5 2. c4 e6 3. Nf3 c6 4. Nc3 Nd7 5. e3 Ngf6 6. Bd3 Bd6 7. O-O O-O 8. Re1
Nb6 9. cxd5 cxd5 10. e4 dxe4 11. Nxe4 Nxe4 12. Bxe4 Be7 13. Bc2 Bd7 14. Ne5 Bb5
15. a4 Bc6 16. Nxc6 bxc6 17. Qd3 g6 18. Bh6 Re8 19. a5 Nd5 20. Ba4 Qd6 21. Rac1
Rac8 22. Bd2 Bd8 23. Qg3 Qxg3 24. hxg3 Ne7 25. Bg5 Rb8 26. Bxe7 Rxe7 27. Re2
Bxa5 28. Rxc6 Reb7 29. Rcc2 Bb6 30. Red2 Ba5 31. Re2 Bb6 32. Re4 f5 33. Rxe6
Bxd4 34. b3 Bg7 35. Rce2 Kf7 36. Ra6 Bd4 37. Bc6 Rxb3 38. Bd5+ Kg7 39. Bxb3
Rxb3 40. Rxa7+ Bxa7 41. Re7+ Kh6 42. Rxa7 Rb4 43. Kh2 Rb6 44. Kg1 Rf6 45. Kf1
Re6 46. f3 g5 47. Kf2 Kg6 48. f4 g4 49. Ra3 Kf6 50. Ra7 Re7 51. Rxe7 Kxe7 52.
Ke3 Ke6 53. Kd4 Kd6 54. Kc4 Kc6 55. Kd4 Kd6 56. Kc4 Kc6 57. Kd4 Kd6 1/2-1/2

[Event "Seattle Summer Kickoff (1-3 Open)"]
[Site "Chess.com"]
[Date "2020.06.13"]
[Round "4"]
[White "Vaiti, Anushka Eva"]
[Black "Kang, William"]
[Result "1/2-1/2"]
[WhiteElo "940"]
[BlackElo "1096"]
[PlyCount "84"]
[EventDate "2020.??.??"]
[SourceDate "2020.06.27"]

1. e4 e5 2. Nc3 Nf6 3. Nf3 Nc6 4. Bb5 a6 5. Bxc6 dxc6 6. Nxe5 Qe7 7. Nf3 Nxe4
8. O-O Nxc3 9. dxc3 Qd7 10. Qxd7+ Bxd7 11. Bf4 Bd6 12. Bxd6 cxd6 13. Rfe1+ Be6
14. Ng5 O-O 15. Nxe6 fxe6 16. Rxe6 d5 17. b3 Rf7 18. Rae1 Kf8 19. f3 Rd8 20. c4
dxc4 21. bxc4 Rfd7 22. Kf2 Rd2+ 23. R1e2 R2d4 24. c5 Ra4 25. c3 Ra3 26. c4 Rc3
27. R6e5 Rxc4 28. Rf5+ Kg8 29. Re7 Rb4 30. Rfe5 Kf8 31. Kg3 h5 32. R7e6 h4+ 33.
Kf2 Kf7 34. g3 Rb2+ 35. Ke1 Rxh2 36. g4 Rxa2 37. g5 h3 38. g6+ Kf8 39. Rf5+ Kg8
40. Rfe5 Kf8 41. Rf5+ Kg8 42. Rfe5 Kf8 1/2-1/2

[Event "Seattle Summer Kickoff (1-3 Open)"]
[Site "Chess.com"]
[Date "2020.06.13"]
[Round "4"]
[White "Westover, Charlotte"]
[Black "Moghe, Arjun"]
[Result "1-0"]
[WhiteElo "1150"]
[BlackElo "1214"]
[PlyCount "93"]
[EventDate "2020.??.??"]
[SourceDate "2020.06.27"]

1. e4 c5 2. Nf3 Nc6 3. d4 cxd4 4. Nxd4 g6 5. Nc3 Bg7 6. Be3 Nf6 7. Bc4 O-O 8.
O-O Ne5 9. Bb3 Neg4 10. Bf4 Nh5 11. Qxg4 Nxf4 12. Qxf4 Bxd4 13. Rad1 e5 14. Qg3
d6 15. Rb1 Qf6 16. Nd5 Qd8 17. c3 Bc5 18. Rbd1 Be6 19. Rd3 Bxd5 20. Rxd5 b6 21.
Rfd1 Qf6 22. R5d3 Qe7 23. Bd5 Rac8 24. b4 Bxb4 25. cxb4 Qc7 26. h3 a5 27. bxa5
bxa5 28. Bb3 Qa7 29. Rxd6 a4 30. Bd5 Qc5 31. Rf6 Qe7 32. Rf3 Rc2 33. Rfd3 Rxa2
34. Bxa2 Rb8 35. Rd5 Rb2 36. R1d2 Rxd2 37. Rxd2 a3 38. Rd5 Qc7 39. Qxa3 Kg7 40.
Qc5 Qb8 41. Rxe5 Qb2 42. Re7 Qxa2 43. Qe5+ Kh6 44. Qf4+ g5 45. Qf6+ Kh5 46. g4+
Kh4 47. Qh6# 1-0

[Event "Seattle Summer Kickoff (1-3 Open)"]
[Site "Chess.com"]
[Date "2020.06.13"]
[Round "4"]
[White "Yun, Ted"]
[Black "Liu, Vincent"]
[Result "0-1"]
[WhiteElo "980"]
[BlackElo "1082"]
[PlyCount "178"]
[EventDate "2020.??.??"]
[SourceDate "2020.06.27"]

1. d4 Nf6 2. Nc3 d5 3. e3 Nc6 4. Nf3 Bg4 5. Be2 e6 6. O-O Bd6 7. Qd3 Bxf3 8.
Bxf3 O-O 9. e4 dxe4 10. Nxe4 Nxe4 11. Qxe4 e5 12. dxe5 Nxe5 13. Bd1 Nc6 14. c3
Re8 15. Qg4 Qf6 16. Bg5 Qe5 17. f4 Bc5+ 18. Kh1 Qe6 19. Qg3 h6 20. Bg4 Qg6 21.
Bh4 Be7 22. f5 Qd6 23. Rad1 Qxg3 24. Bxg3 Rac8 25. f6 Bxf6 26. Bxc8 Rxc8 27. b4
Bxc3 28. Rd7 Rf8 29. Rxc7 Bxb4 30. Rxb7 Be7 31. Rc1 Rc8 32. Kg1 Bd8 33. Kf1 Bb6
34. Ke2 Nd4+ 35. Kd2 Ba5+ 36. Kd1 Rxc1+ 37. Kxc1 Ne2+ 38. Kd1 Nxg3 39. hxg3 Bb6
40. Ke2 f6 41. Kf3 Kh7 42. Ke4 Kg6 43. Kd5 f5 44. Kc4 Kf6 45. Kb5 g5 46. a4 Bf2
47. a5 Kg6 48. a6 Kh5 49. Rf7 Kg4 50. Kc6 h5 51. Kb7 h4 52. Rf8 hxg3 53. Ra8 f4
54. Rxa7 Bxa7 55. Kxa7 f3 56. gxf3+ Kxf3 57. Kb7 g2 58. a7 g1=Q 59. a8=Q Qb1+
60. Kc7+ Qe4 61. Qa3+ Qe3 62. Qa8+ Kg4 63. Qc8+ Kh4 64. Kb8 Qe5+ 65. Ka8 Qd5+
66. Kb8 Qb5+ 67. Ka8 g4 68. Qh8+ Qh5 69. Qd4 Qe8+ 70. Ka7 Qe7+ 71. Ka8 Qa3+ 72.
Kb8 Qg3+ 73. Ka8 Qf3+ 74. Kb8 Kh3 75. Qh8+ Kg2 76. Qb2+ Qf2 77. Qb7+ Kh2 78.
Qh7+ Kg3 79. Qc7+ Qf4 80. Qxf4+ Kxf4 81. Kb7 g3 82. Kc6 g2 83. Kd5 g1=Q 84. Ke6
Qc5 85. Kd7 Qb6 86. Kc8 Qa7 87. Kd8 Ke5 88. Ke8 Ke6 89. Kf8 Qf7# 0-1

[Event "Seattle Summer Kickoff (1-3 Open)"]
[Site "Chess.com"]
[Date "2020.06.13"]
[Round "4"]
[White "Zuo, Edward"]
[Black "Dmitriev, Lyan"]
[Result "0-1"]
[WhiteElo "1209"]
[BlackElo "1366"]
[PlyCount "78"]
[EventDate "2020.??.??"]
[SourceDate "2020.06.27"]

1. e4 e6 2. d4 d5 3. e5 c5 4. c3 Nc6 5. Nf3 Qb6 6. Bd3 Bd7 7. Bc2 O-O-O 8. a4
Nge7 9. a5 Nxa5 10. O-O Ng6 11. Be3 Nc4 12. dxc5 Bxc5 13. Bxc5 Qxc5 14. b4 Qb6
15. Re1 h5 16. Qd3 h4 17. Qd4 Qxd4 18. cxd4 Kb8 19. Bxg6 fxg6 20. Rc1 h3 21. g3
Rhf8 22. Rc3 Rf7 23. Nbd2 Rdf8 24. Nxc4 dxc4 25. Raa3 g5 26. Nxg5 Rxf2 27. Nxh3
Rf1+ 28. Kg2 Bc6+ 29. Rf3 R8xf3 30. Rxf3 Rxf3 31. Kg1 c3 32. Nf4 c2 33. Ne2 Re3
34. Kf2 Rxe2+ 35. Kxe2 c1=Q 36. Kd3 Qa3+ 37. Kc4 Bd5+ 38. Kc5 Qc3+ 39. Kd6 Qc7#
0-1

[Event "Seattle Summer Kickoff (1-3 Open)"]
[Site "Chess.com"]
[Date "2020.06.13"]
[Round "5"]
[White "Chaurasia, Vihaan"]
[Black "Lin, Michael"]
[Result "0-1"]
[WhiteElo "930"]
[BlackElo "1418"]
[PlyCount "90"]
[EventDate "2020.??.??"]
[SourceDate "2020.06.27"]

1. e4 e5 2. Nf3 Nc6 3. Bb5 Nf6 4. Nc3 Bc5 5. O-O O-O 6. d3 h6 7. Bd2 d6 8. h3
Nd4 9. Bc4 c6 10. a3 d5 11. exd5 cxd5 12. Ba2 Nxf3+ 13. Qxf3 e4 14. dxe4 dxe4
15. Qe2 Bd7 16. Nxe4 Re8 17. Nxf6+ Qxf6 18. Qc4 Bd4 19. Bc3 Bxc3 20. bxc3 a6
21. Rfd1 Bc6 22. Rd4 b5 23. Qb3 Re2 24. Rf1 Qg6 25. Rg4 Qf6 26. c4 Bd7 27. Rg3
Be6 28. Rf3 Bxc4 29. Qc3 Qxc3 30. Rxc3 Bxa2 31. Ra1 Bc4 32. a4 Rae8 33. axb5
axb5 34. Rb1 Rd2 35. Ra1 Ree2 36. Rf3 Rxc2 37. Ra8+ Kh7 38. Ra1 b4 39. Rb1 b3
40. Rf5 b2 41. Kh2 Rc1 42. Rxc1 bxc1=Q 43. Rc5 Qf4+ 44. g3 Qxf2+ 45. Kh1 Re1#
0-1

[Event "Seattle Summer Kickoff (1-3 Open)"]
[Site "Chess.com"]
[Date "2020.06.13"]
[Round "5"]
[White "Cheng, Selina"]
[Black "Zhao, George"]
[Result "1-0"]
[WhiteElo "864"]
[BlackElo "1043"]
[PlyCount "85"]
[EventDate "2020.??.??"]
[SourceDate "2020.06.27"]

1. e4 e5 2. Nf3 Nc6 3. Nc3 Nf6 4. Bc4 Bc5 5. Nxe5 Nxe5 6. d4 Bd6 7. dxe5 Bxe5
8. O-O Bxc3 9. bxc3 Nxe4 10. Re1 Qe7 11. Bd3 d5 12. Qf3 g6 13. Bxe4 dxe4 14.
Rxe4 Be6 15. Re1 O-O 16. Qxb7 Rab8 17. Qxa7 Qd6 18. Ba3 Qd8 19. Bxf8 Qxf8 20.
Qxc7 Rc8 21. Qa5 Qg7 22. Re3 f5 23. Qb4 g5 24. Rxe6 Rxc3 25. Re8+ Kf7 26. Re7+
Kf6 27. Rxg7 Kxg7 28. Qxc3+ Kg6 29. Qc6+ Kh5 30. Qf3+ Kg6 31. g3 g4 32. Qf4 h5
33. h3 gxh3 34. Kh2 Kf6 35. Kxh3 Kg6 36. Kh4 Kf6 37. Kxh5 Ke6 38. Re1+ Kf6 39.
Qe5+ Kf7 40. Qxf5+ Kg8 41. Re8+ Kg7 42. Qg5+ Kf7 43. Qe7# 1-0

[Event "Seattle Summer Kickoff (1-3 Open)"]
[Site "Chess.com"]
[Date "2020.06.13"]
[Round "5"]
[White "Dmitriev, Lyan"]
[Black "Vaiti, Anushka Eva"]
[Result "1-0"]
[WhiteElo "1366"]
[BlackElo "940"]
[PlyCount "75"]
[EventDate "2020.??.??"]
[SourceDate "2020.06.27"]

1. e4 e5 2. Nf3 Nc6 3. Bc4 h6 4. d4 exd4 5. Nxd4 Nxd4 6. Qxd4 Nf6 7. e5 Ng8 8.
Qd5 Qe7 9. O-O c6 10. Qf3 d5 11. Bb3 Be6 12. a4 O-O-O 13. a5 a6 14. Qe3 d4 15.
Bxe6+ Qxe6 16. Qg3 Bc5 17. Nd2 Bb4 18. Qxg7 Ne7 19. Qf6 Qd5 20. c3 Rhg8 21. g3
Bc5 22. b4 Rg6 23. Qf3 Qe6 24. bxc5 Qxe5 25. cxd4 Qxd4 26. Nb3 Rf6 27. Nxd4
Rxf3 28. Nxf3 b5 29. axb6 Kb7 30. Bxh6 Nf5 31. Bg5 Rd5 32. Ra5 Rd7 33. Rfa1 Rd5
34. Rxa6 Rxc5 35. Ra7+ Kb8 36. Re1 Ng7 37. Bf6 Nf5 38. Re8# 1-0

[Event "Seattle Summer Kickoff (1-3 Open)"]
[Site "Chess.com"]
[Date "2020.06.13"]
[Round "5"]
[White "Edmond, Ivy"]
[Black "Yun, Ted"]
[Result "0-1"]
[WhiteElo "1032"]
[BlackElo "980"]
[PlyCount "74"]
[EventDate "2020.??.??"]
[SourceDate "2020.06.27"]

1. d4 d5 2. c4 c6 3. Nc3 Nf6 4. Bf4 Bf5 5. Nf3 e6 6. e3 Nbd7 7. Bd3 Be7 8. Bxf5
exf5 9. Qd3 g6 10. O-O O-O 11. Bh6 Re8 12. Nd2 Bd6 13. Bg5 Bb8 14. Qe2 Nf8 15.
Rfe1 Ne6 16. Bxf6 Qxf6 17. Qf3 Bc7 18. a3 f4 19. exf4 Nxf4 20. Nb3 Rxe1+ 21.
Rxe1 Qd6 22. g3 Nh3+ 23. Kg2 Ng5 24. Qe3 dxc4 25. Nd2 Ne6 26. Nxc4 Qd7 27. Rd1
Bb6 28. Nxb6 axb6 29. Ne2 Qd5+ 30. Kg1 Ng5 31. Nf4 Qd7 32. Ng2 Nh3+ 33. Kf1 Qd5
34. Re1 Qc4+ 35. Re2 Rd8 36. Ne1 Qd5 37. Nc2 Qh1# 0-1

[Event "Seattle Summer Kickoff (1-3 Open)"]
[Site "Chess.com"]
[Date "2020.06.13"]
[Round "5"]
[White "Guo, Aaron"]
[Black "Shanmugam, Varsha"]
[Result "1-0"]
[WhiteElo "1204"]
[BlackElo "1001"]
[PlyCount "33"]
[EventDate "2020.??.??"]
[SourceDate "2020.06.27"]

1. e4 e5 2. Nf3 Nc6 3. Bc4 Bc5 4. O-O Nf6 5. c3 Nxe4 6. d4 exd4 7. cxd4 Bb6 8.
Re1 Qe7 9. Nc3 O-O 10. Rxe4 Qf6 11. Bg5 Qg6 12. Bd3 Qh5 13. Rh4 Qxh4 14. Bxh4
d6 15. Qe2 Bg4 16. Qe4 Bxf3 17. Qxh7# 1-0

[Event "Seattle Summer Kickoff (1-3 Open)"]
[Site "Chess.com"]
[Date "2020.06.13"]
[Round "5"]
[White "Ivanovic, Mina"]
[Black "Zuo, Edward"]
[Result "0-1"]
[WhiteElo "1286"]
[BlackElo "1209"]
[PlyCount "30"]
[EventDate "2020.??.??"]
[SourceDate "2020.06.27"]

1. c4 e6 2. Nc3 d5 3. cxd5 exd5 4. e3 Bb4 5. g3 Nc6 6. Bg2 d4 7. exd4 Nxd4 8.
Qa4+ Nc6 9. Bxc6+ bxc6 10. Qxb4 Nf6 11. Qb3 O-O 12. Nf3 Re8+ 13. Kf1 Bh3+ 14.
Kg1 Qd3 15. Na4 Qf1# 0-1

[Event "Seattle Summer Kickoff (1-3 Open)"]
[Site "Chess.com"]
[Date "2020.06.13"]
[Round "5"]
[White "Kang, William"]
[Black "Arul, Sharvesh"]
[Result "0-1"]
[WhiteElo "1096"]
[BlackElo "1280"]
[PlyCount "52"]
[EventDate "2020.??.??"]
[SourceDate "2020.06.27"]

1. e4 e5 2. Nf3 Nc6 3. Bc4 Bc5 4. c3 Nf6 5. d4 exd4 6. e5 d5 7. exd6 Qxd6 8.
O-O O-O 9. Re1 Bg4 10. h3 Bh5 11. Bg5 Ne5 12. g4 Nxf3+ 13. Qxf3 Bg6 14. Bxf6
gxf6 15. h4 Rae8 16. Rd1 Be4 17. Qh3 a6 18. g5 b5 19. Qg4 bxc4 20. gxf6+ Bg6
21. h5 Qxf6 22. hxg6 fxg6 23. cxd4 Qxf2+ 24. Kh1 Bd6 25. Rd2 Re1+ 26. Qg1 Rxg1#
0-1

[Event "Seattle Summer Kickoff (1-3 Open)"]
[Site "Chess.com"]
[Date "2020.06.13"]
[Round "5"]
[White "Liu, Vincent"]
[Black "Holbrook, Aidan"]
[Result "0-1"]
[WhiteElo "1082"]
[BlackElo "1046"]
[PlyCount "33"]
[EventDate "2020.??.??"]
[SourceDate "2020.06.27"]

1. e4 e6 2. d4 d5 3. e5 c5 4. Nf3 Nc6 5. Be3 Qb6 6. Bd3 Qxb2 7. Nbd2 cxd4 8.
Bxd4 Nxd4 9. Nxd4 Qxd4 10. Nf3 Qb4+ 11. Qd2 Qxd2+ 12. Nxd2 Bb4 13. Rd1 Ne7 14.
O-O O-O 15. Nf3 Nc6 16. Ng5 h6 17. Nf3 0-1

[Event "Seattle Summer Kickoff (1-3 Open)"]
[Site "Chess.com"]
[Date "2020.06.13"]
[Round "5"]
[White "Moghe, Arjun"]
[Black "Iyengar, Varun"]
[Result "1-0"]
[WhiteElo "1214"]
[BlackElo "1096"]
[PlyCount "129"]
[EventDate "2020.??.??"]
[SourceDate "2020.06.27"]

1. e4 c5 2. Nf3 d6 3. d4 cxd4 4. Nxd4 Nf6 5. Nc3 a6 6. Bd3 e5 7. Nf3 Bg4 8. O-O
Nc6 9. Be2 Be7 10. h3 Bh5 11. Nd5 O-O 12. Nxe7+ Qxe7 13. Bg5 Nd8 14. Re1 Ne6
15. Be3 Nxe4 16. Bd3 Nf6 17. Bf5 e4 18. Bxe6 Qxe6 19. Nd4 Bxd1 20. Nxe6 fxe6
21. Rexd1 Rad8 22. Re1 d5 23. Bc5 Rf7 24. Rad1 Rc7 25. Bb6 Rcc8 26. Bxd8 Rxd8
27. c4 d4 28. f3 exf3 29. gxf3 Kf7 30. Rd2 h6 31. Red1 e5 32. Kf2 Ke6 33. Rg1
e4 34. Ke2 e3 35. Rd3 Nh5 36. Rg6+ Kf7 37. Rg4 g5 38. Rgxd4 Nf4+ 39. Rxf4+ gxf4
40. Rxd8 Ke7 41. Rd4 Kf6 42. Rxf4+ Ke5 43. Re4+ Kd6 44. Rxe3 b5 45. cxb5 axb5
46. f4 Kd7 47. f5 Kd8 48. f6 Kd7 49. f7 Kd8 50. f8=Q+ Kd7 51. Qe7+ Kc6 52. Rc3+
Kd5 53. Qd7+ Ke5 54. Qxb5+ Kf6 55. Rf3+ Ke6 56. Qf5+ Kd6 57. Rd3+ Ke7 58. Re3+
Kd6 59. Qd3+ Kc6 60. Re5 Kc7 61. Qc4+ Kd7 62. Qf7+ Kd6 63. Qf6+ Kd7 64. Re7+
Kd8 65. Qf8# 1-0

[Event "Seattle Summer Kickoff (1-3 Open)"]
[Site "Chess.com"]
[Date "2020.06.13"]
[Round "5"]
[White "Tessiore, Luca"]
[Black "Westover, Charlotte"]
[Result "1-0"]
[WhiteElo "1455"]
[BlackElo "1150"]
[PlyCount "63"]
[EventDate "2020.??.??"]
[SourceDate "2020.06.27"]

1. d4 Nf6 2. c4 g6 3. Nf3 d6 4. Nc3 Bg7 5. e4 Nc6 6. Be2 O-O 7. O-O Bg4 8. a3
Qd7 9. d5 Ne5 10. Nxe5 dxe5 11. f3 Nxe4 12. Nxe4 Bf5 13. Bd3 e6 14. Be3 exd5
15. cxd5 Qxd5 16. Qe2 Rfd8 17. Bc4 Qc6 18. Rac1 Qa4 19. Ng5 h6 20. Nxf7 Rf8 21.
Nxh6+ Kh7 22. Nxf5 gxf5 23. Qf2 Rf6 24. Qh4+ Rh6 25. Bxh6 Bxh6 26. Bg8+ Kxg8
27. Qxa4 Be3+ 28. Kh1 Bf4 29. Rxc7 e4 30. Qc4+ Kh8 31. Qd4+ Kg8 32. Qg7# 1-0

[Event "Seattle Summer Kickoff (4-6 U1000)"]
[Site "Chess.com"]
[Date "2020.06.13"]
[Round "1"]
[White "Bhargava, Saarth"]
[Black "Bansal, Vivaan"]
[Result "1-0"]
[WhiteElo "634"]
[BlackElo "991"]
[PlyCount "33"]
[EventDate "2020.??.??"]
[SourceDate "2020.06.27"]

1. e4 e6 2. Nf3 d5 3. Nc3 dxe4 4. Nxe4 f5 5. Nc3 Nc6 6. Bd3 g5 7. h3 e5 8. Bc4
e4 9. Qe2 Nge7 10. Nxg5 Rg8 11. Bxg8 Nxg8 12. Qh5+ Kd7 13. Qf7+ Nge7 14. Nd5
Nd4 15. O-O Nxc2 16. Qe6+ Ke8 17. Nf6# 1-0

[Event "Seattle Summer Kickoff (4-6 U1000)"]
[Site "Chess.com"]
[Date "2020.06.13"]
[Round "1"]
[White "Gorkom, Joshua Van"]
[Black "Lankipalle, Ruthvikarao"]
[Result "0-1"]
[WhiteElo "764"]
[BlackElo "956"]
[PlyCount "37"]
[EventDate "2020.??.??"]
[SourceDate "2020.06.27"]

1. c4 e5 2. Nc3 Nf6 3. d3 Nc6 4. b3 Bc5 5. e3 O-O 6. Be2 Re8 7. Nf3 d6 8. d4
exd4 9. exd4 Bb4 10. Qd2 Bg4 11. d5 Bxf3 12. dxc6 Bxe2 13. cxb7 Bf3+ 14. Kf1
Bxb7 15. Qc2 Be4 16. Nxe4 Rxe4 17. f3 Re1+ 18. Kf2 Rxh1 19. Qe4 0-1

[Event "Seattle Summer Kickoff (4-6 U1000)"]
[Site "Chess.com"]
[Date "2020.06.13"]
[Round "1"]
[White "Hurd, Bryan"]
[Black "Chapman, Toby"]
[Result "0-1"]
[WhiteElo "499"]
[BlackElo "898"]
[PlyCount "58"]
[EventDate "2020.??.??"]
[SourceDate "2020.06.27"]

1. e4 e5 2. Bc4 Nf6 3. f3 d6 4. Nc3 Nc6 5. Qe2 Be7 6. Nh3 O-O 7. O-O g6 8. b4
Nxb4 9. Ba3 Nxc2 10. Rac1 Nxa3 11. Bd3 Bxh3 12. gxh3 Qd7 13. Qf2 Qxh3 14. f4
Ng4 15. Be2 Nxf2 16. Rxf2 Qg3+ 17. Rg2 Qxf4 18. Nd5 Qxe4 19. Nxe7+ Kg7 20.
Rxg6+ hxg6 21. Rc3 Qd4+ 22. Kg2 Qxd2 23. Rxa3 Qxe2+ 24. Kg3 Rh8 25. Nd5 Qxh2+
26. Kf3 Qh3+ 27. Ke2 Qxa3 28. Nxc7 Rh2+ 29. Kf1 Qc1# 0-1